| 000 | 00356nam a22001457a 4500 | ||
|---|---|---|---|
| 003 | SGT | ||
| 020 | _a978-93-81238-18-9. | ||
| 082 |
_a615 _bI18G |
||
| 100 | _aGOVT OF INDIA , MINISTRY OF HEALTH & FAMILY WALFARE. | ||
| 245 | _aINDIAN PHARMACOPOEIA 2018 | ||
| 260 |
_aGAZIABAD _bIPC(CSIR) _c2018 |
||
| 300 | _aI-203 | ||
| 650 | _aPHARMACY | ||
| 942 |
_2ddc _cBK |
||
| 999 |
_c16105 _d16105 |
||